000 nam a22 7a 4500
999 _c7382
_d7382
008 170822b xxu||||| |||| 00| 0 eng d
020 _a9788183822503
100 _aMalhotra Priya
_93915
245 _aBrain - Ticklers in Economics
260 _aNew Delhi
_bLotus Press
_c2011